1991 1429 1480 1015 1305 1978 1656 1272 1541 1115 1781 1296 1372 1108 1691 1961 1452 1682 1491 1930 1654 1628 1830 1773 1579 1326 1285 1291 1720 1481 1030 1091 1832 1415 1470 1119 1252 1432 1648 1452 1092 1587 1400 1036 1278 1531 1960 1792 1394 1113 1552 1988 1981 1886 1625 1856 1116 1095 1321 1637 1650 1908 1790 1400 1906 1048 1747 1261 1455 1355 1485 1797 1653 1117 1024 1572 1922 1283 1178 1895 1197 1542 1979 1672 1951 1513 1237 1035 1202 1865 1907 1900 1917 1540 1867 1178 1378 1009 1523 BCNSPRNW ULIB Ver.6.0+V

เปลี่ยนเป็นภาษาไทย

Change to English
 แสดงรายละเอียดบรรณานุกรม
  กลับหน้าหลัก

Brief Record : Get Marc (ISO 2709) : E-mail record : QR code < ปิดหน้าต่าง
LEADER : 00000nam 2200000uu 4500
001    13399113433
003     ULIB
008    111116s2554||||th 000 0 tha d
020    ^a9786167014166
060 04 ^aWT104^bอ445
100 1  ^aRoizen, Michael F.
245 10 ^aYou :^bthe owner s manual= สุขภาพดี คุณสร้างได้/^cbyMichael F. Roizen and Mehmet C.
260    ^aกรุงเทพฯ :^bอินสปายร์,^c2554
300    ^a399 หน้า. :^bภาพ. ;^c24 cm.
650  2 ^aHealth
650  2 ^aPhysiological Processes
650  2 ^aHealth Behavior
650  2 ^aNutritional Physiological Phenomena
650  2 ^aLongevity
700 1  ^aOz, Mehmet C.
700    ^a นุชนาฎ เนตรประเสริฐศรี,ผู้แปล
700    ^a ปรีชา เมฆานันท์, ผู้แปล
945    ^p295^l0^i030696
945    ^p295^l0^i030697
945    ^p295^l0^i030698
995    ^a เกษร
999 ^a ใช้งานได้ทุกระบบ
รายการนี้ยังไม่มีแท็ก
คุณยังไม่ได้ล็อกอิน คุณสามารถมีกิจกรรมร่วมกับเว็บไซต์ได้ แต่ต้องล็อกอินก่อน ::
  ล็อกอิน

รายการสื่อสารสนเทศ

ลำดับที่ ประเภท เลขเรียก/บาร์โค้ด สถานที่ สถานะ
1. วิทยาศาสตร์การแพทย์ และสุขภาพ
วิทยาศาสตร์การแพทย์ และสุขภาพ
WT104 อ445 ฉ.2 
  Barcode: 030697
ห้องสมุดวิทยาเขตสวรรค์ประชารักษ์
►ส่วนจัดเก็บหนังสือเก่า สปร
บนชั้น
  ขอยืม

รายการใกล้เคียง
    ผู้แต่ง [Roizen, Michael F.]

    หัวเรื่อง [Health]
    หัวเรื่อง [Physiological Processes]
    หัวเรื่อง [Health Behavior]
    หัวเรื่อง [Nutritional Physiological Phenomena]
    หัวเรื่อง [Longevity]

BibComment


ยังไม่เคยถูกคอมเมนท์

คอมเมนท์ทรัพยากรรายการนี้
  คอมเมนท์: You the owner s..


 Copyright 2026. Bcnsprnw @Library